000 00467nam a22001817a 4500
003 MPLRDC
005 20220104123602.0
008 210129b ||||| |||| 00| 0 eng d
020 _a957-755-056-8
082 _a539.8 JMWW-6
100 _a将门文物出版有限公司编辑部
245 _a笑话百出
_c
260 _a
_b将门文物出版有限公司
_c1996
300 _b
490 _a真善美书系
650 _a笑话
942 _cBK
_o539.8 JMWW-6
999 _c12583
_d12573